00479nam a2200181 a 4500001001300000003000900013005001700022008004100039020002300080082001800103245003800121260004000159300001000199500003500209505001000244650001800254710002500272nice12345678IN_TiNIC20260116014935.0050524s1979 jeda grp 000 0 eng  a0340177 c10000a220.5208bHOD aBibleb New International Version aJeddahbHodder and Stoughton c1979 a1274p aincludes index and biblioraphy2 aIndex aBible-English2 aHodder and Stoughton